Moje fotografie sú čisté gýče

Bibliographic Details
Other Authors: Štúhl, Peter (Interviewer)
Format: Article
Language:Slovak
PhysicalDescription:Fotogr.
ISSN:1335-440X
Subjects:

MARC

LEADER 00000nab a2200000 ar4500
001 vtls008955032
003 SK-MaSNL
005 20260303070334.0
008 070314c20060128xo dr|p|||||||000 b|slo
015 |a SNBRB2007/03  |2 snkbucl 
038 |a SNKBUCL 
040 |a SNKBUCL  |b slo  |c SNKBUCL  |e AACR2 
041 |a slo 
044 |a xo  |c SK 
080 |a 77.04-051  |2 2001 
100 1 |a Štúhl, Peter  |4 ivr  |9 1067651 
245 1 0 |a Moje fotografie sú čisté gýče  |c Peter Štúhl, Jan Saudek 
300 |b Fotogr. 
600 1 7 |a Saudek, Jan,  |d 1935-  |2 snkbucl  |9 122724 
700 1 |a Saudek, Jan,  |d 1935-  |4 ive  |9 122724 
773 0 |t Sme. Práca  |g Roč. 15, č. 23 (28.1.2006)  |x 1335-440X 
773 0 |i Príl.:  |t Víkend  |g Roč. VIII, č. 4 (28.1.2006), s. 27 
852 |a SNK  |b KIS3GCP 
958 |a BC 
999 |c 1754946  |d 1756876